00455nam a2200169 4500003000900000005001700009008004100026020001500067040001300082082001700095100002200112245007200134250001200206260002900218650001600247700002200263SEACOMEC20240403145737.0231005b |||||||| |||| 00| 0 eng d cRs. 365.00 aSEACOMEC a515.15bT4541 aThomas, George B.1 aCalculus and Analytic GeometrycGeorge B. Thomas and Ross L. Finney a6th Ed. aNew Delhi bNarosac1998 aMathematics1 aFinney, Ross L.